Realtors get the job done but at a price (Record no. 73837)

MARC details
000 -LEADER
fixed length control field 01534cam a2200229 4500
001 - CONTROL NUMBER
control field ABS67259
008 - FIXED-LENGTH DATA ELEMENTS--GENERAL INFORMATION
fixed length control field 031124n2003 000 0 eng u
035 ## - SYSTEM CONTROL NUMBER
System control number (Sirsi) u124440
100 ## - MAIN ENTRY--PERSONAL NAME
Personal name Norwood, G.
245 ## - TITLE STATEMENT
Title Realtors get the job done but at a price
260 ## - PUBLICATION, DISTRIBUTION, ETC.
Date of publication, distribution, etc. 2003
490 ## - SERIES STATEMENT
Series statement Estates Gazette
Volume/sequential designation (0344) 1 November 2003, 154-157(4)
520 ## - SUMMARY, ETC.
Summary, etc. Compares the US and UK home buying experiences. US realtors were voted fifth most respected professionals in a recent America Online poll, are licensed, well-trained and 92% belong to the US National Association of Realtors, whose strict code of ethics they subscribe to. Practising realtors operate in a commercial but collegiate environment with the multi-listing system (MLS) at its centre. The MLS is a co-operative database offering property sales information across rival realtors, giving more detailed information on the properties and fuller market information than UK systems such as Hometrack. Commissions are substantially higher at 5-6% in the US (1.5-2% in the UK). Looks at other features of the US real estate market such as property finders, open house sessions and homeowner log books. Provides a nutshell overview of the US buying process and a case study of house purchasing in the US and the UK.
590 ## - LOCAL NOTE (RLIN)
Local note ABS
650 ## - SUBJECT ADDED ENTRY--TOPICAL TERM
Topical term or geographic name entry element PROPERTY FINDERS
650 ## - SUBJECT ADDED ENTRY--TOPICAL TERM
Topical term or geographic name entry element REALTORS
650 ## - SUBJECT ADDED ENTRY--TOPICAL TERM
Topical term or geographic name entry element REAL ESTATE PRACTICE
650 ## - SUBJECT ADDED ENTRY--TOPICAL TERM
Topical term or geographic name entry element ESTATE AGENTS
650 ## - SUBJECT ADDED ENTRY--TOPICAL TERM
Topical term or geographic name entry element UNITED STATES
690 ## - LOCAL SUBJECT ADDED ENTRY--TOPICAL TERM (OCLC, RLIN)
Topical term or geographic name as entry element PROPERTY-RESIDENTIAL PROPERTY-RESIDENTIAL PROPERTY MARKET
942 ## - ADDED ENTRY ELEMENTS (KOHA)
Suppress in OPAC 0
Holdings
Withdrawn status Lost status Source of classification or shelving scheme Damaged status Not for loan Home library Current library Shelving location Date acquired Total Checkouts Full call number Barcode Date last seen Copy number Price effective from Koha item type
    Dewey Decimal Classification     London London Journal article 24/11/2003   ABS67259 124440-1001 06/08/2019 1 06/08/2019 Journal article